000 00528nam a22002057a 4500
003 OSt
005 20140310183103.0
008 130304t xxu||||| |||| 00| 0 eng d
020 _a9719264444
050 _aHV 6626.546
_b.An581 2006
082 _aFIL 362.7209599
_b.An581 2006
245 _aChild abuse
_ba growing menace
_cAng, Armando
260 _a[S.l. : s.n.]
_c2006
300 _a448 p.
_c23 cm.
521 _acollege students
526 _c1210L-1700L
541 _j1
562 _e1
942 _2lcc
_cBK
_kFIL
999 _c18754
_d18754